000 00362nam a22001457a 4500
008 250512b |||||||| |||| 00| 0 eng d
020 _a9781444789218
050 _aPS3561
_b.K56
100 _aKing, Stephen
245 _aRevival
260 _aLondon
_bHodder and Stoughton Publication
_c2015
300 _a390P.
650 _aDrug Addicts - Fiction
942 _cBK
999 _c3390
_d3390